Logo BPK

Biblioteka

Politechniki Koszalińskiej

Lagune 1 : (Rekord nr 54325)

Szczegóły MARC
000 -ETYKIETA REKORDU
podpole kontrolne o stałej długości 00928nam a2200265 i 4500
001 - NUMER KONTROLNY REKORDU
pole kontrolne bg
020 ## - MIĘDZYNARODOWY ZNORMALIZOWANY NUMER KSIĄŻKI - ISBN
ISBN 9783192316241
040 ## - ŹRÓDŁO KATALOGOWANIA
Instytucja, która utworzyła rekord BPK
041 0# - KOD JĘZYKA
Kod języka tekstu gerpol
Kod języka oryginału ger
044 ## - KOD KRAJU WYDAWCY/PRODUCENTA
Kod kraju wydawcy/producenta ger
080 ## - UNIWERSALNA KLASYFIKACJA DZIESIĘTNA - UKD
UKD 811.112.2(075.3-021.66)
008 - POLE O STAŁEJ DŁUGOŚCI - DANE KONTROLNE
podpole kontrolne o stałej długości s pl f |000 0 pol
100 1# - NAZWA OSOBOWA
Nazwa osobowa Aufderstraße, Hartmut.
245 00 - TYTUŁ/ODPOWIEDZIALNOŚĆ
Tytuł Lagune 1 :
Ciąg dalszy tytułu ćwiczenia : język niemiecki dla szkół ponadgimnazjalnych /
Pozostałe elementy strefy tytułu i oznaczenia odpowiedzialności Hartmut Aufderstraße, Jutta Müller, Thomas Storz ; oprac. edycji pol. Urszula Krajewska.
260 ## - STREFA ADRESU WYDAWNICZEGO
Miejsce wydania Ismaning :
Nazwa wydawcy/dystrybutora Max Hueber Verlag ;
Data publikacji, dystrybucji/powstania dokumentu 2006.
300 ## - STREFA OPISU FIZYCZNEGO
Objętość 248 s. :
Inne cechy fizyczne il. ;
Rozmiary 28 cm
500 ## - UWAGI OGÓLNE
Tekst uwagi Na okł. : Poziom A1.
650 #9 - HASŁO PRZEDMIOTOWE W FORMIE NAZWY OGÓLNEJ LUB JEDNOSTKOWEJ
Nazwa ogólna lub geograficzna Język niemiecki
655 ## - TERMIN INDEKSOWY - OKREŚLENIE RODZAJU/FORMY DOKUMENTU
Określenie rodzaju/formy dokumentu Podręczniki dla szkół ponadgimnazjalnych
700 1# - HASŁO DODATKOWE - NAZWA OSOBOWA
Nazwa osobowa Müller, Jutta.
700 1# - HASŁO DODATKOWE - NAZWA OSOBOWA
Nazwa osobowa Storz, Thomas.
700 1# - HASŁO DODATKOWE - NAZWA OSOBOWA
Nazwa osobowa Krajewska, Urszula.
Określenie związku między hasłem a opisywanym materiałem Oprac.
856 ## - LOKALIZACJA I DOSTĘP DO ELEKTRONICZNYCH DOKUMENTÓW ZDALNYCH
Link (URL) http://koha.tu.koszalin.pl/cgi-bin/koha/opac-detail.pl?biblionumber=54325
Tekst linku Katalog online BPK
942 ## - DODATKOWE ELEMENTY (KOHA)
Typ dokumentu Książka
Egzemplarze
Wycofany Status egzemplarza Uszkodzony Dostępność Lokalizacja stała Lokalizacja bieżąca Miejsce przechowywania Sygnatura Kod kreskowy Ostatnio wypożyczono Dział Typ dokumentu
      Tylko na miejscu Biblioteka Politechniki Koszalińskiej Biblioteka Politechniki Koszalińskiej Czytelnia Wydziałowa ul. Kwiatkowskiego 6e 85550 02409689 06.05.2022 811.112.2(07) Język niemiecki - podręczniki Książka
      Dostępny Biblioteka Politechniki Koszalińskiej Biblioteka Politechniki Koszalińskiej Wypożyczalnia BG 85551 02409672 21.02.2013   Książka
      Dostępny Biblioteka Politechniki Koszalińskiej Biblioteka Politechniki Koszalińskiej Wypożyczalnia BG 85552 02409665     Książka
      Dostępny Biblioteka Politechniki Koszalińskiej Biblioteka Politechniki Koszalińskiej Wypożyczalnia BG 85553 02409658     Książka
      Dostępny Biblioteka Politechniki Koszalińskiej Biblioteka Politechniki Koszalińskiej Wypożyczalnia BG 85554 02409641     Książka
© 2023 Biblioteka Politechniki Koszalińskiej :: KOHA